Nimerical methods (Record no. 166217)

000 -LEADER
fixed length control field 00369nam a2200133Ia 4500
008 - FIXED-LENGTH DATA ELEMENTS--GENERAL INFORMATION
fixed length control field 220217s9999||||xx |||||||||||||| ||und||
020 ## - INTERNATIONAL STANDARD BOOK NUMBER
International Standard Book Number 81-259-0630-4
082 ## - DEWEY DECIMAL CLASSIFICATION NUMBER
Classification number 519.24 VED
100 ## - MAIN ENTRY--PERSONAL NAME
Personal name Vedhamurthy, V., Niyengar, N.Ch.N
9 (RLIN) 1322
245 #0 - TITLE STATEMENT
Title Nimerical methods
260 ## - PUBLICATION, DISTRIBUTION, ETC.
Place of publication, distribution, etc. Vikas publishing house
Name of publisher, distributor, etc. New De3lhi
Date of publication, distribution, etc. 2000
300 ## - PHYSICAL DESCRIPTION
Other physical details 120
650 ## - SUBJECT ADDED ENTRY--TOPICAL TERM
Topical term or geographic name entry element MATHEMATICS
Holdings
Withdrawn status Lost status Damaged status Not for loan Collection code Home library Current library Shelving location Date acquired Full call number Barcode Date last seen Price effective from Koha item type
        Humanity Science Central Library Central Library Book Cart 02/18/2022 519.24 VED 1406 02/18/2022 02/18/2022 Books

Powered by Koha